[Event "2nd China Binhai Open 2020"]
[Site "Tianjin"]
[Date "2020.01.16"]
[Round "6.5"]
[White "Huang, Renjie"]
[Black "Wang, Shixu B"]
[Result "1-0"]
[WhiteElo "2416"]
[BlackElo "2469"]
[Annotator "TA"]
[PlyCount "83"]
[EventDate "2020.01.13"]
[EventType "swiss"]
[EventCountry "CHN"]
[SourceTitle "playchess.com"]
[Source "ChessBase"]
[SourceQuality "1"]

{[%evp 23,85,-26,-22,-16,-7,-7,15,0,0,0,0,0,-10,4,55,55,59,51,47,29,89,77,149,149,150,160,160,154,159,104,112,0,154,140,251,249,261,266,384,396,391,366,373,373,512,506,494,504,491,486,677,677,749,677,677,677,816,739,749,677,837,677,1703,1552]} 1. e4 e5 2. Nf3 Nc6 3. Bb5 Nf6 4. O-O Nxe4 5. d4 Nd6 6. Bxc6 dxc6 7. dxe5 Nf5 8. Qxd8+ Kxd8 9. Nc3 Bd7 10. Rd1 Kc8 11. h3 h6 12. b3 b6 13. Bb2 {C67: Ruy Lopez: Berlin Defence: 4 0-0 Nxe4} a5 (13... Ne7 14. a4 a5 15. Rd2 c5 16. Ne2 Ng6 17. c4 Bc6 18. Nh2 Be7 19. f4 Nh4 20. g3 Nf5 21. g4 Nh4 22. Nc3 Kb7 23. Nd5 Rae8 24. Nxe7 {½-½ (24) Zhigalko,S (2574)-Antipov,M (2558) Selfoss 2019}) 14. Rd3 Be8 $146 ({Predecessor:} 14... Be6 15. g4 Ne7 16. Nd4 Ng6 17. Nce2 Kb7 18. f4 {½-½ (53) Doderer,H (2467)-Krause,P (2472) Remote email 2013}) 15. g4 {The position is equal.} Ne7 16. Rad1 Kb7 17. Rd8 {And now Rxa8 would win.} Rc8 $1 18. Nh4 $36 {[%mdl 2048] Black is under pressure.} Ng6 (18... h5 $11 19. g5 Nd5 20. Rxc8 Kxc8) 19. Nxg6 $14 fxg6 20. Rxc8 Kxc8 21. e6 g5 (21... Rg8 $11) 22. Ne2 {Hoping for Nd4.} Rh7 (22... Bg6 $142) 23. Ng3 $1 $16 {[%cal Rg3f5]} g6 24. Bf6 $1 {aiming for Rd8+.} Be7 25. Ne4 c5 26. Be5 ({Better is} 26. Re1 $1) 26... Bd8 {...Bc6 would now be nice for Black.} 27. Bf6 Be7 $1 {[#] With the idea ...Bc6.} 28. Re1 $1 Bf8 (28... Kd8 $16 {is a better defense.}) 29. h4 $18 gxh4 {[#]} 30. f4 $1 ({Worse is} 30. Bxh4 g5 $11) 30... Bd6 (30... c4 {was called for.} 31. bxc4 (31. Bxh4 cxb3 32. axb3 Bc6 $16) 31... Bc6) 31. Rd1 Be7 {intending ...Bc6.} 32. f5 gxf5 33. gxf5 Bc6 34. Bxe7 {White is clearly winning.} Rxe7 {[%mdl 4096] Endgame KRB-KRN} 35. f6 Rxe6 36. f7 Rxe4 37. f8=Q+ {[%mdl 64] Double Attack} Kb7 38. Qxh6 Rg4+ 39. Kf1 Bb5+ 40. Kf2 Bc6 41. Rg1 Rd4 42. Rg8 {Played: Rg1-g7} 1-0

[Event "2nd China Binhai Open 2020"]
[Site "Tianjin"]
[Date "2020.01.16"]
[Round "6.6"]
[White "Peng, Xiongjian"]
[Black "Li, Yunshan"]
[Result "1-0"]
[WhiteElo "2489"]
[BlackElo "2274"]
[Annotator "TA"]
[PlyCount "59"]
[EventDate "2020.01.13"]
[EventType "swiss"]
[EventCountry "CHN"]
[SourceTitle "playchess.com"]
[Source "ChessBase"]
[SourceQuality "1"]

{[%evp 11,59,26,20,27,16,-1,23,21,11,0,0,0,0,-12,125,128,194,193,193,198,185,187,193,193,248,170,166,163,191,193,288,283,279,287,376,369,521,510,510,461,693,606,633,556,1021,986,1800,1766,29989,29990]} 1. Nf3 Nf6 2. c4 c5 3. Nc3 d5 4. cxd5 Nxd5 5. g3 Nc6 6. Bg2 g6 7. h4 {A34: Symmetrical English: 2 Nc3, lines with ...d5} h6 8. d3 Bg7 9. Nxd5 {White has an edge.} Qxd5 10. O-O Qh5 11. Be3 O-O $1 12. Rc1 Bd4 $146 (12... b6 $1 $11 {remains equal.}) ({Predecessor:} 12... b6 13. d4 Rd8 14. Nd2 cxd4 {½-½ (40) Radjabov,T (2733)-Svidler,P (2746) Tromsoe 2013}) 13. Bxd4 Nxd4 {[#]} (13... cxd4 $16 14. b4 Rd8) 14. b4 $1 $18 {[%mdl 512]} Ne6 (14... cxb4 15. Nxd4) 15. bxc5 Nxc5 16. d4 Nd7 17. Qb3 Re8 (17... Qa5 {might work better.} 18. Qe3 Kg7 19. Qxe7 Nf6) 18. Rfd1 Qa5 19. e4 Rb8 20. d5 Nb6 (20... Nf8 {was worth a try.} 21. Ne5 Nd7) 21. Qe3 Kg7 22. Qd4+ ({Resist} 22. Qf4 $6 Bd7 $16) 22... Kg8 23. e5 Qa4 (23... Nxd5 {is a better defense.} 24. Qxd5 Qxd5 25. Rxd5 Be6) 24. Qe3 {Hoping for Rd4.} Kh7 25. e6 fxe6 (25... Nxd5 $142 26. Rxd5 Bxe6) 26. dxe6 Qg4 27. Nd4 Rf8 28. Re1 Qh5 29. Rc7 Re8 30. Qf4 {Accuracy: White = 62%, Black = 28%.} 1-0

[Event "2nd China Binhai Open 2020"]
[Site "Tianjin"]
[Date "2020.01.16"]
[Round "6.7"]
[White "Zhao, Yuanhe"]
[Black "Zhang, Di"]
[Result "1/2-1/2"]
[WhiteElo "2466"]
[BlackElo "2064"]
[Annotator "TA"]
[PlyCount "132"]
[EventDate "2020.01.13"]
[EventType "swiss"]
[EventCountry "CHN"]
[SourceTitle "playchess.com"]
[Source "ChessBase"]
[SourceQuality "1"]

{[%evp 23,132,-29,-27,-40,0,0,0,-33,0,0,0,-16,-14,-18,-22,-16,0,-1,19,5,27,0,7,0,11,11,7,14,18,9,23,0,11,0,10,0,37,0,0,0,0,-21,-22,-26,-12,-58,-54,-83,-87,-156,-95,-103,-90,-136,-113,-187,-123,-231,0,0,0,0,14,36,45,28,39,0,0,0,0,0,0,0,0,0,0,0,0,-196,0,0,0,0,0,0,0,0,0,0,0,-42,0,0,0,0,0,0,0,0,0,0,0,0,0,0,0,0,0,0,0]} 1. Nf3 Nf6 2. g3 d5 3. Bg2 c6 4. O-O Bg4 5. h3 Bh5 6. d3 e6 7. Nbd2 Nbd7 8. Qe1 Bd6 9. e4 Qc7 10. b3 O-O 11. Bb2 e5 12. Nh4 Rfe8 13. Kh1 {A07: Réti Opening: New York and Capablanca Systems} (13. Nf5 Bc5 14. Kh1 a5 15. a3 Rad8 16. f4 dxe4 17. Nxe4 Nxe4 18. dxe4 Bg6 19. Nh4 exf4 20. gxf4 Nf8 {1-0 (30) Vitiugov,N (2703)-Frolyanov,D (2564) Tyumen 2012}) 13... Bg6 14. Qe2 Rad8 $146 ({Predecessor:} 14... Rac8 15. Bf3 Nc5 16. Bg2 Ne6 17. c3 Rcd8 18. Rfe1 Nc5 19. Qe3 Bf8 20. Nxg6 hxg6 {½-½ (69) Agaragimov,D (2313)-Martynov,P (2423) St Petersburg 2009}) 15. a3 Nc5 (15... Bh5 $5 {[%cal Rh5e2]} 16. Qe1 Bg6 $11) 16. Nxg6 hxg6 17. exd5 cxd5 18. Rfe1 a5 19. Rac1 Qb6 20. Qf1 Ncd7 21. Re2 Bc5 22. Qe1 Qd6 23. Nb1 b6 24. Nc3 Nb8 25. Nb5 Qd7 26. a4 Nc6 27. Qf1 Re7 28. Rd1 Rde8 29. Rde1 Bb4 30. Rd1 (30. c3 {is interesting.} Bd6 31. Kg1 Bc5 32. Kh2 Re6 33. h4) 30... Na7 31. Nxa7 Qxa7 32. d4 {[%cal Rd4e5]} (32. c3 $5 {[%cal Rc3b4]} Bd6 33. Kg1 $11) 32... e4 33. Re3 Qd7 34. Qe2 Nh5 35. c4 f5 36. Rg1 (36. Bc1 $142) 36... Rf7 (36... Nf6 $142 37. Bc3 g5 38. Bxb4 axb4) 37. f4 $17 Rc8 38. Rc1 Rff8 39. Qd1 {[#]} (39. Bf1 $17) 39... Qf7 $1 $19 40. cxd5 (40. h4 $17 {was worth a try.}) 40... Bd6 $2 ({Stronger than} 40... Qxd5 41. Rxc8 Rxc8 42. Bf1 $11) ({Black should try} 40... g5 $19 41. fxg5 Rxc1 42. Bxc1 Bd6) 41. Rc6 $11 Rcd8 42. Bf1 $36 {[%mdl 2048] White is more active.} Kh7 43. Bc4 g5 44. Rxd6 ({Of course not} 44. Be2 Nf6 $17) 44... Rxd6 45. Ba3 (45. fxg5 $5 {[%cal Rb2a3]} f4 46. gxf4 $11) 45... gxf4 46. Bxd6 fxe3 47. Bxf8 {Hoping for Bd6.} Nxg3+ 48. Kh2 $1 {[%cal Rh2g3]} e2 49. Bxe2 Nxe2 50. Qxe2 Qxf8 {[%mdl 4096] Endgame KQ-KQ} 51. Qh5+ $1 Kg8 52. Qg6 $1 {[#]} Qf7 $1 {[%mdl 512]} 53. Qc6 e3 {And now ...e2 would win.} 54. d6 e2 55. d7 $1 {[%cal Rd7d8]} e1=Q {( -> ...Qd2+)} 56. d8=Q+ {[%mdl 64] Double Attack} Kh7 57. Qg2 f4 {White must now prevent ...f3.} 58. Qda8 {The position is equal.} Qf5 59. Qab7 {[%csl Gb7][%cal Rg2g7]} Qg3+ {[%mdl 64] Decoy} 60. Qxg3 fxg3+ 61. Kxg3 {KQ-KQ} Qd3+ 62. Kf4 {Qe4+ is the strong threat.} Qd2+ 63. Kg3 Qxd4 64. Qf7 Qe3+ 65. Kg2 Qe2+ 66. Kg3 Qe3+ {Accuracy: White = 47%, Black = 55%.} 1/2-1/2

[Event "2nd China Binhai Open 2020"]
[Site "Tianjin"]
[Date "2020.01.16"]
[Round "6.8"]
[White "Xi, Qi"]
[Black "Munguntuul, Batkhuyag"]
[Result "1/2-1/2"]
[WhiteElo "2261"]
[BlackElo "2430"]
[Annotator "TA"]
[PlyCount "75"]
[EventDate "2020.01.13"]
[EventType "swiss"]
[EventCountry "CHN"]
[SourceTitle "playchess.com"]
[Source "ChessBase"]
[SourceQuality "1"]

{[%evp 22,75,0,0,0,0,0,0,0,0,0,0,-2,-14,0,-2,0,0,0,-17,-17,-18,-10,-18,0,0,0,-29,24,0,0,0,10,0,16,19,35,35,36,36,36,27,35,16,36,36,36,17,35,24,58,36,51,63,77,25]} 1. d4 d5 2. c4 e6 ({Predecessor:} 2... c6 3. Nc3 Nf6 4. Bf4 e6 5. e3 Bd6 6. Bxd6 Qxd6 7. Nf3 O-O 8. cxd5 exd5 9. h3 Bf5 10. Bd3 Bxd3 11. Qxd3 Re8 12. O-O {1-0 (34) Yogunali,M (1740)-Ilbay,H (1470) Antalya 2018}) 3. Nc3 c6 4. cxd5 exd5 5. Bf4 Bd6 6. Bxd6 Qxd6 7. e3 Bf5 8. Bd3 Bxd3 9. Qxd3 Nf6 10. Nf3 O-O 11. O-O Nbd7 12. h3 Rfe8 {D35: Queen's Gambit Declined: Exchange Variation} 13. Rab1 $146 (13. Nd2 Rad8 14. Rfc1 Nf8 15. Rab1 Ne6 16. Nf3 h6 17. Qf5 Nf8 18. Nd2 Qd7 19. Qd3 Qd6 20. Qf5 Qd7 21. Qd3 Qd6 22. Qf5 Qd7 {½-½ (22) Gomez,J (2510)-Antonio,R (2503) Quezon City 2014}) 13... Ne4 14. b4 a6 {The position is equal.} 15. Na4 Qe7 16. Nc5 Nb6 17. Nd2 f5 18. a4 Nd6 19. Rfe1 Qf7 20. f4 Nbc4 21. Nf3 Re7 22. Ne5 Qh5 23. Qe2 $36 {[%mdl 2048] White has the initiative.} Qh4 24. Kh2 b6 (24... a5 $142) 25. g3 Qh6 26. Nb3 Rae8 27. a5 b5 28. Nc5 Ne4 29. Nxe4 fxe4 30. Rf1 Qd6 31. Rf2 Rf8 32. Rbf1 Re6 33. Qe1 Ref6 34. Kg2 Qe6 35. h4 Qd6 36. h5 Re8 37. g4 Kf8 38. Kg3 {Accuracy: White = 55%, Black = 38%.} (38. Re2 $16) 1/2-1/2

[Event "2nd China Binhai Open 2020"]
[Site "Tianjin"]
[Date "2020.01.17"]
[Round "7.1"]
[White "Zhou, Jianchao"]
[Black "Liu, Yan"]
[Result "1-0"]
[WhiteElo "2623"]
[BlackElo "2513"]
[Annotator "TA"]
[PlyCount "105"]
[EventDate "2020.01.13"]
[EventType "swiss"]
[EventCountry "CHN"]
[SourceTitle "playchess.com"]
[Source "ChessBase"]
[SourceQuality "1"]

{[%evp 9,105,8,20,7,8,8,37,39,70,74,73,76,77,63,64,64,76,52,55,34,67,61,59,56,76,45,56,48,92,100,100,100,80,92,89,89,112,105,133,131,133,132,133,129,148,145,145,136,131,105,180,180,295,299,237,209,218,213,211,194,190,167,160,169,203,193,184,162,178,140,136,114,244,228,305,257,846,847,2010,2004,2160,1689,4602,1485,2258,2322,7436,6598,29977,29978,29977,29977,29977,29978,29978,29979,29978,29979]} 1. d4 Nf6 2. c4 e6 3. Nf3 b6 4. a3 Bb7 5. Bf4 $146 (5. Nc3 Ne4 6. Nxe4 Bxe4 7. Nd2 Bb7 8. e4 g6 9. Bd3 Bg7 10. Nf3 O-O 11. O-O d6 12. Rb1 Nd7 13. Bg5 Qc8 14. Re1 Re8 15. Qd2 c5 16. d5 exd5 17. exd5 Qc7 {½-½ (39) Fedoseev,V (2724)-Rapport,R (2731) Wijk aan Zee 2019}) 5... d5 6. cxd5 {E12: Queen's Indian: Unusual White 4th moves, 4 a3, 4 Nc3 Bb7 5 a3 and 4 Nc3 Bb7} Nxd5 7. Bg3 Nf6 8. Nc3 {White is slightly better.} Ne4 9. Nxe4 Bxe4 10. e3 Nd7 11. Bd3 Bxd3 12. Qxd3 Bd6 13. Qe4 O-O 14. Qc6 Qe7 15. Rc1 Rac8 16. Bxd6 Qxd6 17. O-O a5 18. Nd2 e5 19. Qxd6 $1 cxd6 20. Ne4 $1 exd4 21. exd4 d5 22. Nd6 Rxc1 23. Rxc1 $16 {[%mdl 4096] Endgame KRN-KRN} Rb8 24. Rc7 Nf8 25. Rc8 ({Don't go for} 25. Rxf7 $2 Rd8 $19) 25... Rxc8 26. Nxc8 {KN-KN} b5 27. Ne7+ Kh8 28. Nc6 ({Much less strong is} 28. Nxd5 Ne6 $14) 28... Ne6 29. f3 Nf4 (29... g5 $16) 30. Nxa5 $18 Ne2+ (30... Kg8 {was worth a try.} 31. Nc6 f6) 31. Kf2 Nxd4 32. Nb7 Kg8 33. Nd6 b4 34. axb4 Kf8 35. b5 Ke7 36. Ke3 Ne6 37. Nf5+ Kd7 38. b4 Kc7 39. Nd4 Kb6 40. f4 g6 {[#]} (40... Nf8 $16) 41. g4 $1 Nc7 {[#]} 42. h4 $1 h6 $2 (42... f6 43. Kd3 Ne8) 43. g5 hxg5 44. fxg5 Ne8 45. Kf4 Ng7 46. Ke5 Nh5 47. Kxd5 f6 48. Ke6 fxg5 49. hxg5 {White mates.} Nf4+ 50. Kf6 Kb7 51. Ne6 Nh3 52. Kxg6 Kb6 53. Nd4 {Accuracy: White = 92%, Black = 32%.} 1-0

[Event "2nd China Binhai Open 2020"]
[Site "Tianjin"]
[Date "2020.01.17"]
[Round "7.2"]
[White "Sethuraman, S.P."]
[Black "Huang, Renjie"]
[Result "1-0"]
[WhiteElo "2638"]
[BlackElo "2416"]
[Annotator "TA RC"]
[PlyCount "135"]
[EventDate "2020.01.13"]
[EventType "swiss"]
[EventCountry "CHN"]
[SourceTitle "playchess.com"]
[Source "ChessBase"]
[SourceQuality "1"]

{[%evp 24,141,44,46,54,59,67,58,68,62,66,63,45,56,66,69,76,60,75,71,83,74,60,68,92,90,82,89,85,71,75,66,84,61,66,71,72,70,68,87,87,68,67,55,46,30,70,54,66,0,0,0,4,0,0,0,8,0,0,0,0,0,0,-2,-18,-9,0,-9,-14,-101,-91,-84,-106,-113,-101,-122,-76,-85,0,-127,0,-109,0,-113,0,-50,-52,-107,-14,-10,0,0,13,13,16,18,89,89,242,235,232,231,227,219,269,229,231,103,254,252,541,249,1263,1237,1218,1191,29973,29975,29975,29975]} 1. d4 Nf6 2. c4 e6 3. Nc3 d5 4. cxd5 exd5 5. Bg5 c6 6. e3 Be7 7. Bd3 Nbd7 8. h3 O-O 9. Qc2 Re8 10. Nf3 Nf8 11. O-O Nh5 12. Bxe7 Qxe7 13. Rab1 Ng6 {D36: Queen's Gambit Declined: Exchange Variation: Main line (5 Bg5 c6 6 Qc2)} (13... a5 14. a3 Nf6 15. b4 Be6 16. Na4 axb4 17. axb4 Ne4 18. Nc5 Nd6 19. Rfc1 Rec8 20. Qb2 b6 21. Nxe6 Nxe6 {½-½ (77) Fier,A (2549)-Harutyunian,T (2555) Almaty 2019}) 14. b4 {[%cal Bb2b4,Bb4b5][%mdl 32]} Nf6 15. b5 c5 $146 {White is slightly better.} ({Predecessor:} 15... Ne4 16. bxc6 bxc6 17. Rfc1 Bf5 18. Na4 Rac8 19. Nc5 Nxc5 20. Bxf5 {1-0 (34) Sitnik,I (2241)-Mesojedec,Z (2004) Ljubljana 2006}) 16. dxc5 Qxc5 17. Rfd1 Be6 18. Rbc1 Rac8 19. Qa4 Qb6 20. Rc2 Red8 21. Rdc1 Rc7 22. a3 {[%cal Ba2a3,Ba3a4,Ba4a5,Ba5a6][%mdl 32]} Rdc8 23. Qb4 Nf8 24. Kh2 {aiming for Na4.} Rc5 25. Nd4 Qd8 26. Kg1 R5c7 27. a4 N8d7 28. Be2 Qf8 29. Qb2 Nb6 30. Qb3 Nbd7 31. a5 b6 32. a6 Nc5 33. Qb2 Qd6 34. Rd1 Ncd7 35. f4 Nc5 36. Bf3 ({White should try} 36. Nc6 $1 $14) 36... Bd7 $1 $11 37. Qc1 Re8 38. Qd2 h6 39. Rdc1 Qe7 40. Re1 Qd6 41. Rcc1 Rec8 42. Red1 Re8 43. Na2 Nce4 44. Qb2 Nc5 45. Qa3 Rec8 46. Nb4 (46. Ra1 $11) 46... Nxa6 $1 $17 {[%mdl 64] Pin, Discovered Attack} 47. Rxc7 Nxc7 48. Rc1 Re8 49. Be2 Re4 {Threatens to win with ...Ne6.} 50. Bf3 Re8 ({Of course not} 50... Nxb5 51. Nxb5 Bxb5 52. Bxe4 $11) 51. Be2 Re4 (51... Ne6 $17 52. Nxe6 Rxe6) 52. Bd3 (52. Bf3 $1 $11 {keeps the balance.}) 52... Re8 (52... Rxe3 $17 {Hoping for ...Ne4.} 53. Bh7+ {[%mdl 64] Discovered Attack} Kxh7 54. Qxe3 Nxb5) 53. Qc3 (53. Be2 $11) 53... Kf8 ({Black should play} 53... Rxe3 $17 54. Bh7+ {[%mdl 64] Discovered Attack} Kxh7 55. Qxe3 Nxb5) 54. Qd2 Ne4 55. Bxe4 (55. Qe1 $1 $15) 55... Rxe4 (55... dxe4 $17 56. Qe2 Nxb5 57. Nxb5 Qxb4) 56. Nbc6 $11 a6 57. bxa6 Nxa6 58. Ne5 Nc5 59. Ra1 Be8 (59... Ba4 $11) 60. Ra8 $36 {[%mdl 2048] Strongly threatening Nb5. White has strong initiative.} Nd7 $2 (60... Rxe5 $16 {keeps fighting.} 61. fxe5 Qxe5) 61. Nb5 Qe7 62. Qxd5 Nf6 63. Qd2 Qb7 64. Rd8 {Nd6 is the strong threat.} Qe7 65. Nd4 (65. Rb8 $18 {has better winning chances.}) 65... Kg8 $2 {[#]} (65... Qxd8 $2 {perishes.} 66. Ne6+ $1 {[%mdl 512]} fxe6 67. Qxd8 $18) (65... g6 $16) 66. Nf5 $1 $18 {[%cal Rf5e7]} Qc7 $2 {[#]} (66... Qe6) 67. Qd3 (67. Rc8 $142 $1 {[%mdl 512]} Qa7 (67... Qxc8 68. Ne7+) 68. Qd6) 67... Ra4 $2 {[#]} (67... Rxe5 68. fxe5 Qxe5) 68. Ng4 {Played: Rd8-c8} 1-0

[Event "2nd China Binhai Open 2020"]
[Site "Tianjin"]
[Date "2020.01.17"]
[Round "7.3"]
[White "Batchuluun, Tsegmed"]
[Black "Xiang, Zeyu"]
[Result "1/2-1/2"]
[WhiteElo "2530"]
[BlackElo "2436"]
[Annotator "TA"]
[PlyCount "88"]
[EventDate "2020.01.13"]
[EventType "swiss"]
[EventCountry "CHN"]
[SourceTitle "playchess.com"]
[Source "ChessBase"]
[SourceQuality "1"]

{[%evp 20,88,14,0,0,0,0,4,14,6,12,0,5,0,0,9,6,0,8,4,23,3,7,9,8,7,2,5,4,4,12,26,16,12,30,16,25,13,29,27,33,35,38,24,33,0,46,28,53,52,51,52,53,54,64,62,66,63,72,65,71,52,59,52,66,52,63,33,54,40,41]} 1. d4 d5 2. c4 e6 3. Nf3 Nf6 4. g3 Bb4+ ({Predecessor:} 4... Be7 5. Bg2 O-O 6. O-O Nbd7 7. Qc2 c6 8. Rd1 b6 {½-½ (33) Davidov,D (2234)-Runarsson,G (2142) ICCF email 2017}) 5. Bd2 Be7 6. Bg2 O-O 7. O-O c6 8. Qc2 b6 9. Bf4 Nbd7 10. Rd1 Bb7 11. Ne5 Nh5 {E08: Closed Catalan: Main Line: 7 Qc2} 12. Bd2 Nhf6 $146 (12... Rc8 13. Nc3 Nhf6 14. Bf4 Nh5 15. Bd2 a6 16. e4 dxc4 17. Nxc4 b5 18. Ne3 c5 19. d5 c4 20. a4 Qb6 21. axb5 axb5 22. Ne2 {½-½ (54) Cheparinov,I (2709)-Karjakin,S (2753) St Petersburg 2018}) 13. cxd5 cxd5 {The position is equal.} 14. Nc6 Bxc6 15. Qxc6 Qc8 16. Qb5 a6 17. Qd3 b5 18. Rc1 Qb7 19. Nc3 Nb6 20. Be1 Rac8 21. e3 Rc7 22. Ne2 Rfc8 23. Rxc7 Rxc7 24. Rc1 Qc8 (24... Nc4 {keeps more tension.} 25. b3 Na3 26. Bd2 g6 27. f3 Qb6) 25. Rxc7 Qxc7 26. b3 Nfd7 27. Qd1 g6 28. Bf1 Bd6 29. Nc1 {[%cal Be2c1,Bc1d3,Bd3b4][%mdl 32]} Kg7 30. Nd3 Qc6 31. Nb4 Qc8 32. Nd3 Qc6 33. Qd2 Na8 34. Qa5 Nc7 35. Nb4 Qb7 36. a4 Qb6 37. Qxb6 Nxb6 38. axb5 Bxb4 39. Bxb4 Nxb5 $14 {KBB-KNN} 40. f3 Nd7 {White is slightly better.} 41. Kf2 Nb8 42. Bc5 Nc6 43. Bd3 h5 44. h3 f5 {Accuracy: White = 60%, Black = 45%.} 1/2-1/2

[Event "2nd China Binhai Open 2020"]
[Site "Tianjin"]
[Date "2020.01.17"]
[Round "7.4"]
[White "Dai, Changren"]
[Black "Zou, Chen"]
[Result "1-0"]
[WhiteElo "2506"]
[BlackElo "2460"]
[Annotator "TA"]
[PlyCount "67"]
[EventDate "2020.01.13"]
[EventType "swiss"]
[EventCountry "CHN"]
[SourceTitle "playchess.com"]
[Source "ChessBase"]
[SourceQuality "1"]

{[%evp 19,74,-18,0,0,0,-14,-25,-4,-16,-20,-16,-20,-14,-35,0,0,0,0,0,0,0,0,0,0,0,-26,0,0,0,0,0,0,270,270,339,341,331,329,651,660,1226,1204,29987,29988,29988,29989,29990,29991,29991,12832,29992,29993,29993,12832,1580,1034,29999]} 1. e4 c5 2. Ne2 Nf6 3. Nbc3 d6 4. g3 Nc6 5. Bg2 g6 6. O-O Bg7 7. d3 O-O 8. h3 Rb8 9. f4 Nd7 10. Be3 Nd4 11. a4 {B25: Closed Sicilian: 3 g3, lines without early Be3.} a6 {[#]} 12. a5 $146 ({Predecessor:} 12. Bf2 Nxe2+ 13. Qxe2 b5 14. axb5 axb5 15. Ra7 b4 16. Nd5 Bxb2 17. e5 e6 18. Ne3 {1-0 (39) Starostits,I (2480)-Paulet,I (2307) Groningen 2008}) 12... Nc6 13. Qd2 {Black has an edge.} Nxa5 14. f5 Nc6 {[%cal Ba5c6,Bc6d4,Bd4e2][%mdl 32]} 15. Bh6 b5 16. Rf2 Nd4 17. Bxg7 Nxe2+ 18. Nxe2 Kxg7 19. Nf4 Ne5 20. c3 a5 21. Raf1 {fxg6 is the strong threat.} f6 22. fxg6 hxg6 23. d4 $1 $36 {[%cal Rd4e5][%mdl 2048] Black is under pressure.} Nc4 24. Qd3 $1 cxd4 25. cxd4 a4 $2 {[%mdl 8192]} (25... e5 $1 $11 26. Nd5 Be6) 26. e5 $1 $18 f5 27. e6 $1 Rf6 28. g4 Qg8 $2 (28... Qh8 29. Qg3 Kh7 30. gxf5 gxf5 31. Qh4+ (31. Qg5 Qf8 $16) 31... Kg8 32. Qg5+ Qg7 33. Qxg7+ Kxg7 34. Nh5+ {[%mdl 64] Double Attack, Discovered Attack} Kg6 35. Nxf6 Bxe6) 29. gxf5 Rxf5 30. Qg3 Kh6 31. Qh4+ {[%mdl 64] Double Attack} Kg7 32. Qxe7+ Kh6 33. Qh4+ Kg7 {[#]} 34. Nh5+ {Played: Nf4xg6} 1-0

[Event "2nd China Binhai Open 2020"]
[Site "Tianjin"]
[Date "2020.01.17"]
[Round "7.5"]
[White "Liu, Guanchu"]
[Black "Peng, Xiongjian"]
[Result "1/2-1/2"]
[WhiteElo "2427"]
[BlackElo "2489"]
[Annotator "TA"]
[PlyCount "78"]
[EventDate "2020.01.13"]
[EventType "swiss"]
[EventCountry "CHN"]
[SourceTitle "playchess.com"]
[Source "ChessBase"]
[SourceQuality "1"]

{[%evp 15,78,0,10,10,0,0,0,8,17,-7,0,0,0,0,0,0,0,0,0,-13,-13,-8,-11,-11,-11,-11,-11,-12,-10,-47,-43,-50,-50,-50,-50,-50,-50,-39,-39,-59,-59,-50,-59,-59,0,0,0,0,0,0,0,0,0,0,0,0,0,0,0,0,0,0,0,0,0]} 1. e4 e5 2. Nf3 Nc6 3. Nc3 Nf6 4. Bc4 Nxe4 5. Nxe4 d5 6. Bd3 dxe4 7. Bxe4 Bd6 8. O-O O-O 9. Re1 {C55: Two Knights: 4 d3, 4 d4 exd4 5 e5 and Max Lange Attack} Bg4 10. c3 (10. h3 Bh5 11. g4 Bg6 12. d3 f5 13. gxf5 Bxf5 14. Bxf5 Rxf5 15. Be3 Bc5 16. Bxc5 Qd5 {0-1 (30) So,W (2780)-Mamedyarov,S (2801) Saint Louis 2018}) 10... Kh8 {...f5 is the strong threat.} 11. h3 Bh5 {[#] Hoping for ...f5.} 12. g4 $146 ({Predecessor:} 12. Qc2 Qd7 13. Bf5 Qd8 14. Be4 Qd7 15. Nh4 Rae8 16. Nf5 Bg6 17. a4 Qe6 18. b3 Rd8 19. Nxd6 cxd6 20. Bxg6 hxg6 21. Bb2 Rfe8 22. Rad1 d5 {½-½ (22) Schenning,A (2084)-Vujadinovic,M (2071) LSS email 2012}) 12... Bg6 13. Bxc6 bxc6 14. Nxe5 Bxe5 15. Rxe5 f5 16. d4 Qh4 $1 17. Qf3 {[%cal Rg4f5]} fxg4 18. Qg3 $1 {[%cal Rg3h4]} Qxg3+ 19. fxg3 gxh3 20. Bf4 Rae8 21. Rae1 Kg8 22. Rxe8 Rxe8 23. Rxe8+ Bxe8 $11 {[%mdl 4096] Endgame KB-KB} 24. g4 Bd7 25. g5 $1 Kf7 26. Bxc7 Ke6 27. Be5 g6 28. Kh2 Kf5 29. Bf6 Be6 ({Better is} 29... Ke4 $15) 30. Kxh3 {The position is equal.} Bxa2 31. Be7 a5 32. Kg3 Ke4 33. Bd6 a4 34. Be7 Bd5 35. Bd6 Kf5 36. Be7 Ke6 37. Bc5 Kf5 38. Be7 Be6 39. Kf3 Bd5+ {Accuracy: White = 81%, Black = 85%.} 1/2-1/2